00445pab a2200145 454500008004000000100002300040245010900063260000900172300001500181362000800196650003400204650003000238650001300268773001800281180718b2008 xxu||||| |||| 00| 0 eng d aSomayaji, Sakarama aMan-made disasters; displacement, resettlement and rehabilitation in Orissa - reflections from the field c2008 ap.689-704. aDec aResettlement - India - Orissa aRefugees - India - Orissa aRefugees aSocial Change